| 000 -ლიდერი |
| ფიქსირებული სიგრძის საკონტროლო ველი |
01235nam a22002177a 4500 |
| 003 - საკონტროლო ნომრის იდენტიფიკატორი |
| საკონტროლო ველი |
Ge_BSU |
| 005 - ბოლო ოპერაციის თარიღი და დრო |
| საკონტროლო ველი |
20250702171956.0 |
| 008 - ფიქსირებული სიგრძის მონაცემთა ელემენტები - ზოგადი ინფორმაცია |
| ფიქსირებული სიგრძის საკონტროლო ველი |
250702s1977 ge ||||| |||| 00| 0 geo d |
| 041 ## - ენის კოდი |
| Language code of text/sound track or separate title |
geo |
| 080 ## - უნივერსალური ათობითი კლასიფიკაციის ინდექსი |
| Universal Decimal Classification number |
141.82: 331: 330.342.151 ს-74 |
| 245 ## - ცნობა სათაურის შესახებ |
| Title |
სოციალიზმი და შრომა : |
| Remainder of title |
სასწავლო დამხმარე სახელმძღვანელო კოლმეურნეებისა და საბჭოთა მეურნეობათა მუშებისათვის / |
| Statement of responsibility, etc |
ავტ.: ვ. ბაშმაჩნიკოვი და სხვ |
| 250 ## - გამოცემის ცნობა |
| Edition statement |
მე-2 შევსებული გამოცემა. |
| 264 ## - წარმოების, გამოცემის, დისტრიბუციის და სხვა ცნობები |
| გამოცემის, წარმოების, დისტრიბუციის... ადგილი |
თბილისი : |
| გამოცემის, წარმოების, დისტრიბუციის... სახელწოდება |
საბჭ. საქართველო, |
| გამოცემის, წარმოების, დისტრიბუციის... თარიღი |
1977. |
| 300 ## - ფიზიკური აღწერა |
| Extent |
239 გვ. ; |
| Other physical details |
20 სმ. |
| 440 ## - სერიის ცნობა / დამატებულია ჩანაწერი - სათაური |
| Title |
ეკონომიკური განათლების სისტემა |
| 9 (RLIN) |
25602 |
| 653 ## - INDEX TERM--UNCONTROLLED |
| Uncontrolled term |
სოციალისტური წარმოების წესი. |
| 653 ## - INDEX TERM--UNCONTROLLED |
| Uncontrolled term |
სოციალიზმი. |
| 653 ## - INDEX TERM--UNCONTROLLED |
| Uncontrolled term |
შრომა. |
| 700 ## - ADDED ENTRY--PERSONAL NAME |
| Personal name |
ბაშმაჩნიკოვი, ვ. |
| Relator term |
და სხვ. |
| 9 (RLIN) |
25603 |
| 942 ## - ADDED ENTRY ELEMENTS (KOHA) |
| Source of classification or shelving scheme |
|
| Koha item type |
წიგნი |